000 00741nam a2200265Ia 4500
003 OSt
005 20220918163317.0
006 a|||||r|||| 00| 0
007 ta
008 220917b |||||||| |||| 00| 0 eng d
020 _a0 521 57221 5
024 _a31,330
037 _cTextual
040 _aARTS
_cARTS
_beng
041 _2eng
_aeng
082 _aO111,6M39:g, N7
100 _aShuter William F
_912610
245 0 _aRereading Walter Pater
260 _aCambridge
_bCUP
_c1997
300 _axvi,157p.
_ccm.
490 _aCambridge studies in nineteenth century literature & culture
650 _aENGLISH LITERATURE
942 _hO111,6M39:g, N7
_cTEXL
_2CC
999 _c119040
_d119040